Datum a čas kvízu
20
Celkem bodů
Celkový počet nahraných bodů na tomto kvízu bez doplňovacích otázek.
9.
Pořadí na kvízu
Konečné umístění týmu na tomto kvízu.
Zaznamenané odpovědi
| # | Otázka | Odpověď | Body | Výsledky |
|---|---|---|---|---|
| 1. | Tramvaje Dopravního podniku hl... | NATO | 0 | |
| 2. | Dvaaosmdesátiletý prezident Ab... | Alžírsko | 1 | |
| 3. | Ve finské Heinole se koná MS v... | Žár | 0 | |
| 4. | Možná jste i Vy zaznamenali, ž... | 1 | ||
| 5. | Slavný holandský kouč, bývalý... | Louis van Gaal | 1 | |
| 1. | Začneme seriály Breaking Bad (... | metamfetamin | 1 | |
| 2. | Hlavní postava seriálu Ve jmén... | Írán | 0 | |
| 3. | V seriálu Boardwalk Empire ovl... | Atlantic City | 0 | |
| 4. | Herečku Robin Wrightovou, jedn... | Forrest Gump | 0 | |
| 5. | Ve filmech jako Tmavomodrý svě... | David Novotný | 0 |